[Event "RSA-ch U10"]
[Site "Bloemfontein"]
[Date "2016.03.22"]
[Round "5"]
[White "Peter, Neathan"]
[Black "Moollajee, Rehaan"]
[Result "1/2-1/2"]
[WhiteElo "958"]
[BlackElo "1053"]
[PlyCount "56"]
[EventDate "2016.03.20"]
[EventType "swiss"]
[EventRounds "11"]
[EventCountry "RSA"]
[SourceTitle "CBM 171 Extra"]
[Source "ChessBase"]
[SourceDate "2016.04.26"]
[SourceVersion "1"]
[SourceVersionDate "2016.04.26"]
[SourceQuality "1"]

1. e4 e6 2. Nf3 d5 3. exd5 exd5 4. Be2 Nf6 5. 0-0 Bc5 6. d4 Bd6 7. Re1 0-0 8. Bg5 h6 9. Bh4 Nc6 10. Nc3 Bb4 11. Ne5 Be6 12. Nxc6 bxc6 13. Qd2 Re8 14. a3 Be7 15. Ba6 Qd6 16. Bg3 Qd7 17. b4 Rab8 18. Reb1 Bd6 19. Bxd6 Qxd6 20. b5 Ng4 21. g3 Nf6 22. bxc6 Rxb1+ 23. Rxb1 Qxa3 24. Bb7 Bh3 25. f3 Qe7 26. g4 Nh7 27. Nxd5 Qa3 28. Kf2 Qd6 1/2-1/2